| 000 | 00428cam a22001337a 4500 | ||
|---|---|---|---|
| 008 | 180718b1979 xxu||||| |||| 00| 0 eng d | ||
| 082 | _aZ47x5444 Sa84 | ||
| 100 | _aSatyapriya, V.S. | ||
| 245 |
_aDimensions of agricultural labour in Karnataka _cby V.S. Satyapriya |
||
| 260 |
_aDelhi _bSterling _c1979 |
||
| 300 | _a165p. | ||
| 650 | _aAgricultural wages --India --Karnataka | ||
| 650 | _aAgricultural laborers --India --Karnataka | ||
| 999 |
_c353682 _d353682 |
||